Statistics for Wildcats 3 minutes

Click here to take the quiz!

General Stats

  • This quiz has been taken 6 times
  • The average score is 6 of 15

Answer Stats

Answer% Correct
Cheetah
83%
Jaguar
83%
Leopard
83%
Lion
83%
Lynx
83%
Tiger
83%
African Wild cat
17%
Bobcat
17%
Ocelot
17%
Puma
17%
African Margay cat
0%
Caracal cat
0%
Cougar cat
0%
Florida Panther cat
0%
Margay cat
0%

Score Distribution

Percentile by Number Answered

Percent of People with Each Score

Your Score History

You have not taken this quiz